Stolice - quiz wielokrotnego wyboru - Statystyki

Ogólne statystyki
  • Ten quiz został rozwiązany 26 razy
  • Średni wynik to 5 z 5
Statystyki odpowiedzi
Zagadnienie Odpowiedź % Poprawnych
Stolica Indonezji Dżakarta
100%
Stolica Nepalu Katmandu
100%
Stolica Ekwadoru Quito
100%
Stolica Demokratycznej Republiki Konga Kinszasa
91%
Stolica Mikronezji Palikir
73%
Nie znaleziono quizów pasujących do podanych kryteriów
Rozkład punktacji
Procent ludzi z każdym wynikiem
Percentyl według liczby udzielonych odpowiedzi
Twoja historia wyników
Nie rozwiązałeś tego quizu